MARC details
| 000 -CABECERA |
| campo de control de longitud fija |
01193cam a2200277 a 4500 |
| 001 - NÚMERO DE CONTROL |
| campo de control |
000012213 |
| 005 - FECHA Y HORA DE LA ÚLTIMA TRANSACCIÓN |
| campo de control |
20200929162739.0 |
| 008 - DATOS DE LONGITUD FIJA--INFORMACIÓN GENERAL |
| campo de control de longitud fija |
000721s1999 ck ab 100 0 spa |
| 010 ## - NÚMERO DE CONTROL DE LA BIBLIOTECA DEL CONGRESO |
| Número de control de LC |
00696726 |
| 020 ## - NÚMERO INTERNACIONAL ESTÁNDAR DEL LIBRO |
| Número Internacional Estándar del Libro |
9589676766 |
| 040 ## - FUENTE DE LA CATALOGACIÓN |
| Centro catalogador/agencia de origen |
DO-SdBNP |
| Centro/agencia transcriptor |
DLC |
| 082 ## - NÚMERO DE LA CLASIFICACIÓN DECIMAL DEWEY |
| Número de clasificación |
370.19 |
| Número de documento/Ítem |
S612c |
| 049 ## - FONDOS LOCALES (OCLC) |
| Fondos de biblioteca |
BNGR |
| 111 2# - ENTRADA PRINCIPAL--NOMBRE DE CONGRESO/REUNIÓN |
| Nombre de congreso/reunión o jurisdicción como elemento de entrada |
Simposio de Etnoeducación |
| Fecha del congreso/reunión |
(1997 : |
| Sede del congreso/Lugar de la reunión |
Barranquilla, Colombia) |
| 9 (RLIN) |
28841 |
| 111 2# - ENTRADA PRINCIPAL--NOMBRE DE CONGRESO/REUNIÓN |
| Nombre de congreso/reunión o jurisdicción como elemento de entrada |
Congreso de Antropología |
| Número del congreso/reunión o número de parte o sección |
(8 : |
| Fecha del congreso/reunión |
1997 : |
| Sede del congreso/Lugar de la reunión |
Barranquilla, Colombia) |
| 9 (RLIN) |
28842 |
| 245 10 - MENCIÓN DE TÍTULO |
| Título |
Culturas, lenguas, educación : |
| Resto del título |
memorias / |
| Mención de responsabilidad, etc. |
Simposio de Etnoeducación, VIII Congreso de Antropología ; Daniel Aguirre Lischt, compilador. |
| 260 ## - PUBLICACIÓN, DISTRIBUCIÓN, ETC. |
| Lugar de publicación, distribución, etc. |
Barranquilla : |
| Nombre del editor, distribuidor, etc. |
Fondo de Publicaciones de la Universidad del Atlántico, |
| Fecha de publicación, distribución, etc. |
1999. |
| 300 ## - DESCRIPCIÓN FÍSICA |
| Extensión |
371 p. : |
| Otras características físicas |
il., mapas ; |
| Dimensiones |
24 cm. |
| 490 #0 - MENCIÓN DE SERIE |
| Mención de serie |
Lingüística Pedro María Revollo. |
| 504 ## - NOTA DE BIBLIOGRAFÍA, ETC. |
| Nota de bibliografía, etc. |
Incluye notas y referencia al pie de páginas |
| 650 #4 - PUNTO DE ACCESO ADICIONAL DE MATERIA--TÉRMINO DE MATERIA |
| Término de materia o nombre geográfico como elemento de entrada |
Antropología de la educación |
| Subdivisión geográfica |
Colombia |
| 9 (RLIN) |
28843 |
| 650 #4 - PUNTO DE ACCESO ADICIONAL DE MATERIA--TÉRMINO DE MATERIA |
| Término de materia o nombre geográfico como elemento de entrada |
Etnología |
| Subdivisión geográfica |
Colombia |
| 9 (RLIN) |
22331 |
| 700 1# - PUNTO DE ACCESO ADICIONAL--NOMBRE DE PERSONA |
| Nombre de persona |
Aguirre Lischt, Daniel. |
| Término indicativo de función/relación |
comp. |
| 9 (RLIN) |
28844 |
| 711 2# - PUNTO DE ACCESO ADICIONAL--NOMBRE DE REUNIÓN/CONGRESO |
| Nombre de congreso/reunión o jurisdicción como elemento de entrada |
Congreso Nacional de Antropología (Colombia) |
| Número del congreso/reunión o número de parte o sección |
(8 : |
| Fecha del congreso/reunión |
1997 : |
| Sede del congreso/Lugar de la reunión |
Barranquilla, Colombia) |
| 9 (RLIN) |
28845 |
| 910 ## - DATOS DE OPCIÓN DEL USUARIO (OCLC) |
| Datos de opción del usuario |
Catalogación por copia / LC |